KOHA-Header-6

Awaz-e-Jars (Record no. 9326)

000 -LEADER
fixed length control field 00254nam a2200109Ia 4500
100 ## - MAIN ENTRY--AUTHOR NAME
Personal name Naseema Bint-i-Siraj
245 #0 - TITLE STATEMENT
Title Awaz-e-Jars
260 ## - PUBLICATION, DISTRIBUTION, ETC. (IMPRINT)
Place of publication Karachi
Name of publisher Hashmi Trust
Year of publication 2004
300 ## - PHYSICAL DESCRIPTION
Number of Pages 312
942 ## - ADDED ENTRY ELEMENTS (KOHA)
Koha item type Books
Holdings
Withdrawn status Lost status Collection code Permanent Location Current Location Shelving location Date acquired Full call number Accession Number Koha item type
    Urdu Literature MAJU MAJU   2019-09-14 891.429 4917 Urdu Literature

Powered by Koha